|
|
|
|
| LEADER |
00000cam a2200000 7i4500 |
| 001 |
0000008546 |
| 002 |
000009314 |
| 005 |
20000330.0 |
| 020 |
|
|
|a 9679747522
|
| 090 |
0 |
0 |
|a JF
|b BLY
|
| 100 |
1 |
|
|a Blyton, Enid
|
| 245 |
1 |
0 |
|a Misteri gua di Suak Malim
|c Enid Blyton
|
| 260 |
|
|
|a Kuala Lumpur :
|b Penerbitan Fargoes Sdn.Bhd ,
|c 1995
|
| 300 |
|
|
|a 125p. :
|b ill ;
|c 17cm.
|
| 650 |
0 |
0 |
|a Mystery stories
|
| 999 |
|
|
|a 048703
|b BUKU
|c PINJAMAN
|e PERPUSTAKAAN KOMUNITI PETALING JAYA
|
| 999 |
|
|
|a 053647
|b BUKU
|c PINJAMAN
|e PERPUSTAKAAN KOMUNITI CAW KOTA DAMANSARA
|
| 999 |
|
|
|a 053648
|b BUKU
|c PINJAMAN
|e PERPUSTAKAAN KOMUNITI CAW KOTA DAMANSARA
|